000 00283nam a2200097Ia 4500
008 240331s9999 xx 000 0 und d
082 _a291
_bFAI
100 _aLumpur , K. ed
245 0 _aFaith renewed :
_ba report on the frist Asian Women's consultation on Interfaith Dialogue
942 _cL
999 _c846
_d846